[Event "Provaglio Primavera op"]
[Site "Provaglio"]
[Date "2013.04.19"]
[Round "7"]
[White "Cristiani, Cesare"]
[Black "Burimi, Ilir"]
[Result "0-1"]
[WhiteElo "2128"]
[BlackElo "1800"]
[PlyCount "48"]
[EventDate "2013.03.08"]
[EventType "swiss"]
[EventRounds "7"]
[EventCountry "ITA"]
[SourceTitle "EXT 2014"]
[Source "ChessBase"]
[SourceDate "2013.11.20"]
[SourceVersion "1"]
[SourceVersionDate "2013.11.20"]
[SourceQuality "1"]

1. d4 d5 2. c4 c6 3. Nf3 Nf6 4. Nc3 a6 5. e3 e6 6. Bd3 Bd6 7. 0-0 b5 8. b3 Nbd7 9. Bb2 0-0 10. Qc2 h6 11. a3 Re8 12. e4 e5 13. cxd5 exd4 14. Ne2 cxd5 15. exd5 Bb7 16. Nexd4 Bxd5 17. Rad1 Bf4 18. Qb1 Ne5 19. Nxe5 Bxh2+ 20. Kxh2 Rxe5 21. Nf3 Rh5+ 22. Kg1 Qc8 23. Ne5 Bxg2 24. Nd7 Bf3 0-1

[Event "Provaglio Primavera op"]
[Site "Provaglio"]
[Date "2013.04.05"]
[Round "5"]
[White "Schaberg, Wolfgang"]
[Black "Burimi, Ilir"]
[Result "1/2-1/2"]
[WhiteElo "1839"]
[BlackElo "1800"]
[PlyCount "47"]
[EventDate "2013.03.08"]
[EventType "swiss"]
[EventRounds "7"]
[EventCountry "ITA"]
[SourceTitle "EXT 2014"]
[Source "ChessBase"]
[SourceDate "2013.11.20"]
[SourceVersion "1"]
[SourceVersionDate "2013.11.20"]
[SourceQuality "1"]

1. e4 e6 2. d4 d5 3. Nd2 Nf6 4. e5 Nfd7 5. Bd3 c5 6. c3 Nc6 7. Ne2 Be7 8. 0-0 0-0 9. a3 cxd4 10. cxd4 Qb6 11. Nf3 f6 12. exf6 Bxf6 13. Rb1 e5 14. Nc3 Ne7 15. dxe5 Nxe5 16. Nxe5 Bxe5 17. Bxh7+ Kxh7 18. Qh5+ Kg8 19. Qxe5 d4 20. Qxe7 Bf5 21. Ra1 Rae8 22. Qh4 Bd3 23. Rd1 Bc2 24. Rf1 1/2-1/2

[Event "Provaglio Primavera op"]
[Site "Provaglio"]
[Date "2013.03.15"]
[Round "2"]
[White "Cattaneo, Ugo"]
[Black "Burimi, Ilir"]
[Result "1-0"]
[WhiteElo "1830"]
[BlackElo "1800"]
[PlyCount "43"]
[EventDate "2013.03.08"]
[EventType "swiss"]
[EventRounds "7"]
[EventCountry "ITA"]
[SourceTitle "EXT 2014"]
[Source "ChessBase"]
[SourceDate "2013.11.20"]
[SourceVersion "1"]
[SourceVersionDate "2013.11.20"]
[SourceQuality "1"]

1. e4 e6 2. d4 d5 3. Nc3 Nf6 4. e5 Nfd7 5. Nf3 c5 6. Ne2 Nc6 7. c3 Be7 8. Nf4 c4 9. h4 h5 10. Ng5 Bxg5 11. hxg5 g6 12. g4 h4 13. Qf3 b5 14. Ng2 Rb8 15. Nxh4 Bb7 16. Nf5 Rg8 17. Nd6+ Ke7 18. b3 b4 19. bxc4 Ncxe5 20. dxe5 Nxe5 21. Qf6+ Kxd6 22. c5+ 1-0